Animated Movie by Emoji - Statistics

General Stats
  • This quiz has been taken 65 times
  • The average score is 6 of 15
Answer Stats
Hint Answer % Correct
🧞‍♂️ Aladdin
80%
🏎️⚡ Cars
75%
🧸🤠👨🏼‍🚀 Toy Story
75%
🦌🐰🦨 Bambi
55%
🧜🏻‍♀️ Arielle
53%
1️⃣0️⃣1️⃣ 101 Dalmatiner
45%
🐻🐻 Bärenbrüder
40%
🐱🐱🐱 Aristocats
35%
👹🟢 Shrek
35%
👧🏼🎩☕ Alice im Wunderland
29%
🐶⚡🐹 Bolt
29%
🦊🐶 Cap und Capper
25%
🎮🔨🏆 Ralph reichts
25%
🟡🟢🔴🔵🟣 Alles steht Kopf
20%
🤖🩺 Baymax
13%
No matching quizzes found
Score Distribution
Percent of People with Each Score
Percentile by Number Answered
Your Score History
You have not taken this quiz